University Home | Library Home | Institutional Repository

The third rose : (Record no. 138480)

MARC details
000 -LEADER
fixed length control field 00773cam9a220020500 4500
001 - CONTROL NUMBER
control field qce01876063
005 - DATE AND TIME OF LATEST TRANSACTION
control field 20190823082631.0
008 - FIXED-LENGTH DATA ELEMENTS--GENERAL INFORMATION
fixed length control field 770314c19601959enkf b 001 0 eng d
035 ## - SYSTEM CONTROL NUMBER
System control number (Sirsi) r10686
035 ## - SYSTEM CONTROL NUMBER
System control number (QCAT)lss01519844
035 ## - SYSTEM CONTROL NUMBER
System control number (UPRA)qce01876063
040 ## - CATALOGING SOURCE
Modifying agency UPRA
100 1# - MAIN ENTRY--PERSONAL NAME
Personal name Brinnin, John Malcolm, 1916-
Dates associated with a name Brinnin, John Malcolm, 1916-
Linkage A62496.1
245 14 - TITLE STATEMENT
Title The third rose :
Remainder of title Gertrude Stein and her world /
Statement of responsibility, etc. by John Malcolm Brinnin.
260 ## - PUBLICATION, DISTRIBUTION, ETC.
Place of publication, distribution, etc. London :
Name of publisher, distributor, etc. Weidenfeld & Nicolson,
Date of publication, distribution, etc. 1960, [c1959]
504 ## - BIBLIOGRAPHY, ETC. NOTE
Bibliography, etc. note "A selected bibliography of the works of Gertrude Stein" : p. 413-415.
600 10 - SUBJECT ADDED ENTRY--PERSONAL NAME
Personal name Stein, Gertrude, 1874-1946.
Dates associated with a name Stein, Gertrude, 1874-1946.
Linkage S49726.1
949 ## - LOCAL PROCESSING INFORMATION (OCLC)
a PS3537.T323
w lcc
i -2455
m MAIN
t BOOK
l ON-SHELF

No items available.

© 2026 - The University of Zambia Library - Koha v25.11